01192cam a2200301 a 450000100100000000500170001000800410002702000150006804000250008308200170010824501460012526001530027130000370042450000200046165000370048170000260051870000230054470000350056770000370060270000410063970000300068070000300071070000320074070000370077270000270080970000310083670000230086700001581520200929164149.0020124s2001 sp a b f000 0 spa  a8489384339 aDO-SdBNPbspaCBNPHU a027.4bB582p04aLas bibliotecas públicas en España :buna realidad abierta /cHilario Hernández, dirección técnica ; Fernando Armario ... [et al.]. aMadrid :bFundación Germán Sánchez Ruipérez ;bDirección General del Libro, Archivos y Bibliotecas ;bPlan de Fomento a la Lectura,c2001. a319 p. :bil., gráf. ;c23 cm. aIncluye anexos. 4aBibliotecas públicaszEspaña12aHernández, Hilario.12aArmario, Fernando.12aCarrión Gútiez, Alejandro.12aDomínguez Sanjurjo, M. Ramona.12aGómez Hernández, José Antonio.12aMañá Terré, Teresa.12aMayol Fernádez, Carmen.12aMerlo Vega, José Antonio.12aNogales Herrera, José María.12aSalaberría, Ramón.12aSoarín Pérez, Tomás.12aSelgas, Joaquín.